Statistics for Animals beginning with the letter D (pictures)

Click here to take the quiz!

General Stats

  • This quiz has been taken 397 times
  • The average score is 10 of 14

Answer Stats

Answer% Correct
Donkey
98%
Dalmatian
95%
Deer
94%
Dolphin
94%
Dove
94%
Duck
90%
Dragonfly
84%
Dodo
78%
Dingo
72%
Dachshund
71%
Dugong
42%
Dik Dik
28%
Discus
13%
Duiker
9%

Score Distribution

Percentile by Number Answered

Percent of People with Each Score

Your Score History

You have not taken this quiz